[Event "NRW-Liga I 9697"]
[Site "Germany"]
[Date "1997.??.??"]
[Round "7.4"]
[White "Illner, Achim"]
[Black "Mohaupt, Sascha"]
[Result "1/2-1/2"]
[WhiteElo "2355"]
[BlackElo "2210"]

1.d4 Nf6 2.Nf3 g6 3.c4 Bg7 4.Nc3 O-O 5.e4 d6 6.Be2 e5 7.Be3 exd4 8.Nxd4 Re8
9.f3 Nc6 10.O-O Nh5 11.Qd2 Nf4 12.Rad1 Bxd4 13.Bxd4 Qg5 14.g3 Nxd4 15.Qxd4 Nxe2+
16.Nxe2 Qe5 17.Nc3 Qxd4+ 18.Rxd4 Be6 19.Nd5 Bxd5 20.cxd5 Kf8 21.Rc1 Re7 22.Rb4 Rb8
23.Rc3 a5 24.Ra4 b6 25.Rac4 Rb7 26.Ra4 Rb8 27.Rac4 Rb7 28.Ra4 Rb8 29.Kf2 Ke8
30.Rac4 Rc8 31.Ke3 Kd7 32.h4 f6 33.a4 Ree8 34.Rc2 Re7 35.Kf4 Re5 36.Ke3 Re7
37.Kd4 Re5 38.R4c3 Re7 39.Kc4 Re5 40.Kd3 Re7 41.Kd4 Re5 42.Rh2 Rce8 43.Rhc2 Rc8
44.f4 Re7 45.g4 h6 46.g5 hxg5 47.hxg5 fxg5 48.e5 c5+ 49.Ke4  1/2-1/2

[Event "BL2-O9798"]
[Site "Germany"]
[Date "1997.??.??"]
[Round "7.2"]
[White "Schmidt, Wlodzimierz"]
[Black "Alber, Horst"]
[Result "1-0"]
[WhiteElo "2440"]
[BlackElo "2315"]

1.Nf3 Nf6 2.c4 g6 3.Nc3 Bg7 4.e4 O-O 5.d4 d6 6.Be2 Nbd7 7.O-O e5 8.Be3 Ng4
9.Bg5 f6 10.Bd2 Nh6 11.dxe5 fxe5 12.Bg5 Nf6 13.c5 Be6 14.Qa4 dxc5 15.Bc4 Qe8
16.Nxe5 Nf7 17.Bxe6 Qxe6 18.Nxf7 Rxf7 19.Rad1 c6 20.f3 a5 21.Be3 b5 22.Qc2 c4
23.a4 b4 24.Ne2 Nd7 25.Nf4 Qf6 26.Qxc4 Ne5 27.Qb3 Bh6 28.Ne2 Bxe3+ 29.Qxe3 Nc4
30.Qb3 Ne5 31.f4 Ng4 32.h3 Nh6 33.Rd7 Rf8 34.Rfd1 Kh8 35.e5 Qf5 36.Rxf7 Nxf7
37.Qc4 Re8 38.Ng3 Nxe5 39.fxe5 Qxe5 40.Nf1 c5 41.b3 Rf8 42.Qd3 Qf4 43.Nd2 Qf2+
44.Kh1 Re8 45.Nf3 Qb2 46.Qd7 Ra8 47.Ng5 Qg7 48.Nf7+ Kg8 49.Qd5 Rb8 50.Ng5+ Kh8
51.Qxc5 h6 52.Nf7+ Kg8 53.Ne5 Re8 54.Nc4 g5 55.Qf5 Rf8 56.Qe6+ Kh8 57.Ne5 Rf6
58.Qc8+  1-0

[Event "NRW-Liga I 9697"]
[Site "Germany"]
[Date "1997.??.??"]
[Round "8.2"]
[White "Teloeken, Andreas"]
[Black "Kassebaum, Roman"]
[Result "1-0"]
[WhiteElo "2150"]
[BlackElo "2360"]

1.Nf3 d6 2.d4 Nf6 3.c4 g6 4.Nc3 Bg7 5.e4 O-O 6.Be2 e5 7.O-O exd4 8.Nxd4 Re8
9.f3 Nc6 10.Be3 Nh5 11.Qd2 Nxd4 12.Bxd4 Nf4 13.Rfd1 Nxe2+ 14.Nxe2 f6 15.Rac1 Qd7
16.Nc3 Qf7 17.Nb5 a6 18.Nc3 Be6 19.b3 Rad8 20.Qb2 c6 21.Rc2 b5 22.cxb5 axb5
23.Rcd2 Rd7 24.Bf2 Red8 25.Qc2 f5 26.Bh4 Bf6 27.Bxf6 Qxf6 28.Rd4 Qe5 29.Qc1 c5
30.R4d3 b4 31.exf5 Bxf5 32.Re3 Qg7 33.Nd5 g5 34.Rde1 Bg6 35.f4 g4 36.f5 Bxf5
37.Ne7+ Rxe7 38.Rxe7 Qd4+ 39.Kh1 Bg6 40.Qg5 Rf8 41.Re8 Rxe8 42.Rxe8+ Kg7
43.Re7+ Kf8 44.Re1 Kg8 45.Qe7 d5 46.Rc1 Bc2 47.Rf1  1-0

[Event "Dov Porath mem"]
[Site "Givatayim"]
[Date "1997.??.??"]
[Round "1"]
[White "Mikhalevski, Victor"]
[Black "Zalkind, Karmi"]
[Result "1/2-1/2"]
[WhiteElo "2535"]
[BlackElo "2370"]

1.d4 g6 2.c4 Bg7 3.e4 d6 4.Nc3 Nd7 5.Nf3 e5 6.Be2 Ngf6 7.O-O O-O 8.Re1 Re8
9.Bf1 a6 10.d5 Rf8 11.Bg5 h6 12.Bd2 Nh7 13.Qc1 h5 14.g3 f5 15.Nh4 Qf6 16.exf5 gxf5
17.f4 exf4 18.Bxf4 Ne5 19.Qd1 Qf7 20.Be2 Nf6 21.Rf1 Re8 22.Qd2 Ng6 23.Nxg6 Qxg6
24.Bf3 Bd7 25.Kh1 b5 26.cxb5 axb5 27.a3 Rab8 28.Rae1 Ng4 29.Rxe8+ Rxe8 30.Be2 Rb8
31.h3 Ne5 32.Qd1 Qh7 33.Kh2 Bf6 34.Qd2  1/2-1/2

[Event "Dov Porath mem"]
[Site "Givatayim"]
[Date "1997.??.??"]
[Round "3"]
[White "Vovsha, Eli"]
[Black "Golod, Vitali"]
[Result "1/2-1/2"]
[WhiteElo "2205"]
[BlackElo "2515"]

1.Nf3 Nf6 2.c4 g6 3.Nc3 Bg7 4.e4 d6 5.d4 O-O 6.Be2 Nbd7 7.O-O e5 8.Qc2 c6
9.Rd1 Qe7 10.d5 c5 11.Bg5 h6 12.Bd2 Ne8 13.g3 Ndf6 14.Rab1 Ng4 15.Nh4 h5
16.b4 cxb4 17.Rxb4 Nef6 18.Rdb1 Nd7 19.a4 Nc5 20.a5 Nf6 21.f3 Nfd7 22.Be3  1/2-1/2

[Event "Goetzis IM4"]
[Site "Goetzis"]
[Date "1997.??.??"]
[Round "9"]
[White "Zumtobel, Thomas"]
[Black "Sonnberger, Reinhard"]
[Result "1/2-1/2"]
[WhiteElo "2150"]
[BlackElo "2255"]

1.d4 Nf6 2.c4 g6 3.Nc3 Bg7 4.e4 d6 5.Nf3 O-O 6.Be2 Nbd7 7.O-O e5 8.d5 Nc5
9.Qc2 a5 10.Bg5 h6 11.Be3 b6 12.Nd2 Ng4 13.Bxg4 Bxg4 14.a3 Bd7 15.b4 Nb7
16.Nb3 f5 17.exf5 gxf5 18.f4 exf4 19.Bxf4 Qf6 20.Ne2 Rfe8 21.Rab1 axb4 22.axb4 Nd8
23.Ng3 Nf7 24.Bd2 Qg6 25.Nxf5 Kh7 26.Nbd4 Bxf5 27.Nxf5 Re2 28.Rf2 Rxf2  1/2-1/2

[Event "Graz op"]
[Site "Graz"]
[Date "1997.??.??"]
[Round "4"]
[White "Schrey, Stefan"]
[Black "Freitag, Manfred"]
[Result "0-1"]
[WhiteElo "2020"]
[BlackElo "2390"]

1.d4 Nf6 2.Nf3 g6 3.c4 Bg7 4.Nc3 O-O 5.e4 d6 6.Be2 e5 7.O-O exd4 8.Nxd4 Re8
9.f3 Nh5 10.g4 Nf6 11.Bg5 h6 12.Bf4 Nc6 13.Nc2 h5 14.h3 Nh7 15.Qd2 Be6 16.Rad1 Ne5
17.Ne3 Qe7 18.Kg2 Rad8 19.Ncd5 Qd7 20.Qe1 c6 21.Nc3 Qe7 22.Rd2 Bc8 23.Qf2 a6
24.a4 Nf8 25.Bg3 hxg4 26.hxg4 f6 27.Rfd1 Nf7 28.Rh1 Ne6 29.Bd3 Qc7 30.Bb1 Qb6
31.Ned1 Qxf2+ 32.Bxf2 Bh6 33.Be3 Bf4 34.Ne2 Bxe3 35.Nxe3 Kg7 36.Nd4 a5 37.Kg3 Nc5
38.Bc2 Rh8 39.Rdh2 Rxh2 40.Rxh2 Rh8 41.Rxh8 Kxh8 42.Kf2 Kg7 43.Ke2 Ne5 44.b3 Kf7
45.Ng2 Ke7 46.Nf4 Bd7 47.Ke3 Kd8 48.Ke2 Kc7 49.Ke3 Kb6 50.Kd2 g5 51.Nh5 Nxf3+
52.Nxf3 Bxg4 53.Nxf6 Bxf3 54.Ke3 Bg2 55.Ne8 d5 56.e5 dxc4 57.bxc4 Bh3 58.Nd6 Be6
59.Kd4 g4 60.Ne4 Nxe4 61.Bxe4 g3 62.Bg2 c5+ 63.Kd3 Bd7 64.Ke3 Bxa4 65.e6 Kc7
66.Kf4 Bc6 67.e7 Kd7 68.Bh3+ Kxe7 69.Kxg3 Be4 70.Bg4 Bc2  0-1

[Event "Graz op"]
[Site "Graz"]
[Date "1997.??.??"]
[Round "7"]
[White "Burmakin, Vladimir"]
[Black "Van den Doel, Erik"]
[Result "1/2-1/2"]
[WhiteElo "2550"]
[BlackElo "2440"]

1.d4 Nf6 2.c4 g6 3.Nc3 Bg7 4.Nf3 O-O 5.e4 d6 6.Be2 e5 7.Be3 exd4 8.Nxd4 Re8
9.f3 c6 10.O-O d5 11.cxd5 Nxd5 12.Nxd5 cxd5 13.Qb3 Qb6 14.Qxb6 axb6 15.Nb5 Na6
16.Rad1 dxe4 17.fxe4 Be6 18.b3 Rec8 19.Bxb6 Rc2 20.Rf2 Rxa2 21.Bc4 Rxf2 22.Bxf2 Bxc4
23.bxc4 Bf8 24.e5 Rc8 25.Nd6 Rc6 26.Be3 Nb8 27.c5 Rc7 28.Rb1 Nd7 29.Rb5 Nxe5
30.Nxb7 Nc6 31.Bf4 Rc8 32.Nd6 Ra8 33.Rb6 Nd4 34.Be5 Ne6 35.c6 Ra5 36.Rb5 Ra6
37.Ne8 Rxc6 38.Nf6+ Kg7 39.Ng4+ Kg8 40.Rb8 h5 41.Nf6+ Kg7 42.Nd7+ Kg8 43.Nxf8 Nxf8
44.Rd8 Re6 45.Bd6 Rxd6 46.Rxd6 Kg7 47.Kf2 Nh7 48.Ke3 Nf6 49.Kf4 Ne8 50.Rc6 Nf6
51.h3 Ng8 52.Ke5 Ne7 53.Rc2 Ng8 54.Rc7 Nf6 55.Ra7 Ng8 56.Ra6 Nh6 57.Ra4 Ng8
58.Rf4 Nh6 59.Rb4 Ng8 60.Rc4 Nf6 61.g4 hxg4 62.hxg4 Nh7 63.Ra4 Nf6 64.Kf4 Nd5+
65.Ke5 Nf6 66.Rd4 Nh7 67.Kf4 Nf6 68.g5 Nh7 69.Rd7 Nf8 70.Re7 Ne6+ 71.Kg4 Nf8
72.Ra7 Ne6 73.Ra5 Nf8 74.Kf4 Nh7 75.Ke4 Kg8 76.Re5 Kg7 77.Kd5 Kg8 78.Kd6 Kg7
79.Ke7 Kg8  1/2-1/2

[Event "Groningen op"]
[Site "Groningen"]
[Date "1997.??.??"]
[Round "4"]
[White "Schebler, Gerhard"]
[Black "Movsesian, Sergei"]
[Result "1/2-1/2"]
[WhiteElo "2440"]
[BlackElo "2555"]

1.Nf3 Nf6 2.c4 g6 3.Nc3 Bg7 4.e4 d6 5.d4 O-O 6.Be2 Na6 7.O-O e5 8.Be3 Ng4
9.Bg5 Qe8 10.dxe5 h6 11.Bd2 dxe5 12.h3 Nf6 13.Be3 Qe7 14.Nd5 Qd8 15.Nxf6+ Qxf6
16.Qc1 Kh7 17.Rd1 Qe7 18.c5 b6 19.c6 Nc5 20.Bxc5 bxc5 21.Rd5 Rb8 22.Rb1 Rb4
23.Qxc5 Qxc5 24.Rxc5 Rxe4 25.Bd3 Rf4 26.Nxe5 Rd8 27.Nd7 Bd4 28.Rc2 Bxd7 29.cxd7 Rxd7
30.Bb5 Rd5 31.Bc4 Rg5 32.Rf1 h5 33.b3 h4 34.Ba6 c5 35.Re1 Kg7 36.Ree2 Kf6
37.Kf1 Re5 38.Rxe5 Kxe5 39.Re2+ Re4  1/2-1/2

[Event "Groningen op"]
[Site "Groningen"]
[Date "1997.??.??"]
[Round "5"]
[White "Kraai, Jesse"]
[Black "Schebler, Gerhard"]
[Result "0-1"]
[WhiteElo "2345"]
[BlackElo "2440"]

1.d4 Nf6 2.c4 g6 3.Nc3 Bg7 4.e4 d6 5.Nf3 O-O 6.Be2 e5 7.d5 a5 8.Bg5 h6 9.Bh4 Na6
10.Nd2 Bd7 11.O-O h5 12.b3 Bh6 13.f3 Be3+ 14.Kh1 g5 15.Bf2 Bxf2 16.Rxf2 h4
17.g4 Nh7 18.Nf1 Re8 19.Rb1 Nf8 20.a3 Nc5 21.b4 axb4 22.axb4 Na4 23.Nxa4 Rxa4
24.Qc1 Ng6 25.Bd1 Ra7 26.Ne3 Nf4 27.Rd2 Qa8 28.c5 Bb5 29.Nf5 Rd8 30.cxd6 cxd6
31.Qc7 Rd7 32.Qb6 Ra2 33.Qe3 Ra1 34.Qb3 Ra3 35.Qb2 Qa6 36.Qc2 Qb6 37.Qc1 Rd3
38.Ra1 Rd8 39.Rc2 Bd7 40.Be2 Rb3 41.Rb1 Qf2  0-1

[Event "Groningen op"]
[Site "Groningen"]
[Date "1997.??.??"]
[Round "6"]
[White "Andrews, Todd D"]
[Black "Dworakowska, Joanna"]
[Result "0-1"]
[WhiteElo "2115"]
[BlackElo "2305"]

1.d4 Nf6 2.c4 g6 3.Nc3 Bg7 4.e4 d6 5.Nf3 O-O 6.Be2 e5 7.O-O Na6 8.Be3 Ng4
9.Bg5 Qe8 10.dxe5 dxe5 11.h3 h6 12.Bd2 Nf6 13.Be3 Nh5 14.Re1 Nf4 15.Bf1 Ne6
16.a3 b6 17.Qd2 Kh7 18.Rad1 Bb7 19.b4 Rd8 20.Qc2 Nd4 21.Bxd4 exd4 22.Nb5 c5
23.Nxa7 Nc7 24.bxc5 bxc5 25.Nb5 Ne6 26.Nd2 Be5 27.Nb3 Qe7 28.Nc1 f5 29.exf5 Rxf5
30.Nd3 Bb8 31.Re2 Qf6 32.Rde1 Re8 33.Qa4 Ng5 34.Rxe8 Nxh3+ 35.Kh1 Nxf2+ 36.Kg1 Bh2+  0-1

[Event "Groningen op"]
[Site "Groningen"]
[Date "1997.??.??"]
[Round "9"]
[White "Kasimdzhanov, Rustam"]
[Black "Forster, Richard"]
[Result "1-0"]
[WhiteElo "2545"]
[BlackElo "2460"]

1.d4 Nf6 2.c4 g6 3.Nc3 Bg7 4.e4 d6 5.Nf3 O-O 6.Be2 e5 7.O-O Nbd7 8.d5 Nc5
9.Qc2 a5 10.Bg5 h6 11.Be3 b6 12.Nd2 Bg4 13.f3 Bd7 14.b3 Nh5 15.Rfe1 Nf4 16.Bf1 h5
17.a3 Bh6 18.Kh1 Bg5 19.b4 Na6 20.bxa5 bxa5 21.Rab1 h4 22.Nb3 Nh5 23.Qd2 Bf4
24.Bxf4 exf4 25.e5 Bf5 26.Rbd1 Qg5 27.exd6 cxd6 28.Nd4 Nc5 29.Ncb5 Ng3+ 30.Kg1 Nxf1
31.Rxf1 Bd3 32.Rf2 Bxc4 33.Nxd6 Bxd5 34.Qc3 Na4 35.Qc2 Nb6 36.Qc5 Nd7 37.Qb5 Nf6
38.Nc6 Kg7 39.Ne4 Qf5 40.Ne7 Bxe4 41.Nxf5+ Bxf5 42.Qe5 h3 43.Rd6 Be6 44.g4 fxg3
45.hxg3 h2+ 46.Rxh2 Rac8 47.g4 Rc1+ 48.Kf2 Rfc8 49.g5 R8c2+ 50.Kg3 Rg1+ 51.Kh4 Rxg5
52.Kxg5  1-0

[Event "Haarlem op"]
[Site "Haarlem"]
[Date "1997.??.??"]
[Round "4"]
[White "Lacrosse, Marc"]
[Black "De Mie, Mariska"]
[Result "1/2-1/2"]
[WhiteElo "2285"]
[BlackElo "2150"]

1.d4 Nf6 2.c4 g6 3.Nc3 Bg7 4.e4 d6 5.Nf3 O-O 6.Be2 e5 7.dxe5 dxe5 8.Qxd8 Rxd8
9.Bg5 Re8 10.O-O-O h6 11.Be3 Bg4 12.Nd5 Nxd5 13.cxd5 c6 14.Bc4 cxd5 15.Bxd5 Nc6
16.Kb1 Be6 17.Bxe6 Rxe6 18.Rd7 Re7 19.Rxe7 Nxe7 20.Rd1 Nc6 21.Rd7 b6 22.Rc7 Nd4
23.a4 Nxf3 24.gxf3 Bf8 25.Ka2 f5 26.Kb3 f4 27.Bd2 Rd8 28.Kc2 Bc5 29.Bc3 Bxf2
30.Bxe5 Be3 31.Rg7+ Kf8 32.Rxg6 Rd2+ 33.Kc3 Rf2 34.Bxf4 Rxf3 35.Rg3 Rxf4
36.Rxe3 Ke7 37.b4 Ke6 38.Kd4 Rf2 39.Rh3 Rf6 40.Rc3 Kd7 41.Ke5 Rf2 42.Rh3 Ra2
43.Rxh6 Rxa4 44.Kd5 Rxb4 45.Rh7+ Ke8 46.Rxa7 Rb2 47.Ke6 Kf8 48.h4 Rh2 49.Kf6 Rf2+
50.Kg5 Rg2+ 51.Kf4 Rf2+ 52.Kg3 Re2 53.Kf3 Rh2 54.Rh7 Kg8 55.Rh5 Kf7 56.Rf5+ Kg6
57.Kg4 Rg2+ 58.Kh3 Re2 59.h5+ Kh6 60.Re5  1/2-1/2

[Event "Haarlem op"]
[Site "Haarlem"]
[Date "1997.??.??"]
[Round "5"]
[White "Horvath, Gyula"]
[Black "De Saegher, Chris"]
[Result "1/2-1/2"]
[WhiteElo "2480"]
[BlackElo "2200"]

1.c4 g6 2.d4 Nf6 3.Nf3 Bg7 4.Nc3 O-O 5.e4 d6 6.Be3 e5 7.Be2 h6 8.O-O Ng4
9.Bc1 Nc6 10.d5 Ne7 11.Ne1 f5 12.Bxg4 fxg4 13.Nc2 g5 14.Ne3 h5 15.f3 gxf3
16.Rxf3 Rxf3 17.Qxf3 g4 18.Qe2 Bd7 19.g3 a6 20.Ng2 Ng6 21.Be3 Qe7 22.Rf1 Rf8
23.Rxf8+ Nxf8 24.Kf1 Bf6 25.Qf2 Bg5 26.Bxg5 Qxg5 27.Qe3 Nh7 28.Qxg5+ Nxg5
29.Nh4 Kf7 30.Kf2 Kf6 31.Ke3 a5 32.b3 b6 33.a3 Be8 34.b4 axb4 35.axb4 Bd7
36.Kd3 Ke7 37.Ke3 Kf6 38.b5 Ke7 39.Na2 Be8  1/2-1/2

[Event "Wichern op"]
[Site "Hamburg"]
[Date "1997.??.??"]
[Round "4"]
[White "Zagorskis, Darius"]
[Black "Meyer, Falko"]
[Result "1-0"]
[WhiteElo "2485"]
[BlackElo "2335"]

1.d4 Nf6 2.c4 g6 3.Nc3 Bg7 4.e4 d6 5.Nf3 O-O 6.Be2 Na6 7.O-O e5 8.Qc2 Nb4
9.Qd1 Na6 10.Re1 c6 11.Bf1 Bg4 12.d5 c5 13.a3 Nh5 14.h3 Bxf3 15.Qxf3 f5 16.exf5 Rxf5
17.Qd1 Qh4 18.g3 Nxg3 19.Qg4 Qxg4 20.hxg4 Rf3 21.Bg2  1-0

[Event "Wichern op"]
[Site "Hamburg"]
[Date "1997.??.??"]
[Round "4"]
[White "Schroeder, Gerhard"]
[Black "Wendt, Jan Dietrich"]
[Result "1/2-1/2"]
[WhiteElo "2020"]
[BlackElo "2295"]

1.d4 Nf6 2.Nf3 g6 3.c4 Bg7 4.Nc3 O-O 5.e4 d6 6.Be2 e5 7.O-O Na6 8.Be3 Ng4
9.Bg5 f6 10.Bh4 h5 11.h3 Nh6 12.dxe5 dxe5 13.Qxd8 Rxd8 14.Rad1 Be6 15.b3 c6
16.Rfe1 Nf7 17.Kf1 Nc7 18.Rxd8+ Rxd8 19.Rd1 Rc8 20.Ne1 Ne8 21.f3 Bf8 22.Nc2 Kg7
23.Bf2 Ra8 24.h4 Nc7 25.Be3 Be7 26.g3 Kf8 27.Kg2 Ke8 28.Bc1 Nd8 29.Be3 Bf7
30.Rd2 Nde6 31.Rd1 Bc5 32.Kf2 a5 33.a3 Na6 34.Na4 Bxe3+ 35.Kxe3 Nac5 36.Nxc5 Nxc5
37.Rb1 Rd8 38.b4 axb4 39.axb4 Ne6 40.Rd1 Rxd1 41.Bxd1 c5 42.bxc5 Nxc5 43.Be2 b6
44.Kd2 Kd7 45.Kc3 Kc7 46.Kb4 Na6+ 47.Kc3 Kc6 48.Nb4+ Nxb4 49.Kxb4 g5 50.Bd3 Be6
51.Bc2 Kd6 52.Bd3 gxh4 53.gxh4 Bh3 54.Be2 Kc6 55.Kb3 Kc5 56.Kc3 Bg2 57.Kd3 Bh3  1/2-1/2

[Event "Wichern op"]
[Site "Hamburg"]
[Date "1997.??.??"]
[Round "5"]
[White "Chuchelov, Vladimir"]
[Black "Polzin, Rainer"]
[Result "1-0"]
[WhiteElo "2540"]
[BlackElo "2445"]

1.c4 Nf6 2.Nf3 g6 3.Nc3 Bg7 4.e4 d6 5.d4 O-O 6.Be2 Na6 7.O-O e5 8.Be3 c6
9.d5 Ng4 10.Bg5 f6 11.Bh4 h5 12.h3 Nh6 13.c5 g5 14.Bxa6 bxa6 15.dxc6 dxc5
16.Bg3 Be6 17.Qa4 Rc8 18.Rfd1 Qe8 19.Qxa6 Rf7 20.h4 g4 21.Ng5 fxg5 22.hxg5 h4
23.Bxh4 g3 24.gxh6 gxf2+ 25.Bxf2 Bxh6 26.c7 Rfxc7 27.Rd6 Rc6 28.Rxc6 Rxc6
29.Qxa7 Bg4 30.Nd5 Bf8 31.Bh4 Qh5 32.Rf1  1-0

[Event "Wichern op"]
[Site "Hamburg"]
[Date "1997.??.??"]
[Round "6"]
[White "Van der Sterren, Paul"]
[Black "Mowsziszian, Karen"]
[Result "1/2-1/2"]
[WhiteElo "2555"]
[BlackElo "2485"]

1.d4 g6 2.e4 Bg7 3.c4 d6 4.Nc3 Nf6 5.Nf3 O-O 6.Be2 e5 7.O-O Na6 8.Be3 Ng4
9.Bg5 Qe8 10.dxe5 dxe5 11.h3 Nf6 12.Be3 Nh5 13.Re1 c6 14.a3 Qe7 15.Qc2 Nc5
16.b4 Ne6 17.Rad1 Nhf4 18.Bf1 Qf6 19.h4 Nc7 20.c5 Bg4 21.Rd6 Qe7 22.Nh2 Qxh4
23.g3 Qg5 24.Kh1 Nce6 25.Bd2 Qh5 26.gxf4 exf4 27.Qd3 Be5 28.f3 Qh4 29.Re2 Bh3
30.Be1 Qh5 31.Bxh3 Qxh3 32.Nd1 Bxd6 33.cxd6 Ng7 34.Nf2 Qe6 35.e5 Nf5 36.Nfg4 Kg7
37.Nf1 Rad8 38.Qd4 h5 39.Ngh2 f6 40.Bc3 fxe5 41.Qxf4 Nxd6 42.Bxe5+ Kh7 43.Bxd6 Qxd6
44.Qxd6 Rxd6 45.Re7+ Kg8 46.Rxb7 Rf7 47.Rb8+ Rf8 48.Rb7  1/2-1/2

[Event "Wichern op"]
[Site "Hamburg"]
[Date "1997.??.??"]
[Round "8"]
[White "Lugovoi, Aleksei"]
[Black "Movsesian, Sergei"]
[Result "0-1"]
[WhiteElo "2520"]
[BlackElo "2555"]

1.d4 Nf6 2.c4 g6 3.Nc3 Bg7 4.e4 d6 5.Be2 O-O 6.Nf3 e5 7.O-O Nbd7 8.Re1 c6
9.Bf1 exd4 10.Nxd4 Re8 11.Bf4 Nc5 12.f3 d5 13.exd5 Rxe1 14.Qxe1 Nxd5 15.cxd5 Bxd4+
16.Be3 Bxe3+ 17.Qxe3 Qb6 18.Kh1 Bf5 19.g4 Bd7 20.Rd1 Na4 21.Qe7 Nxc3 22.bxc3 Qf2
23.Qe2 Qxe2 24.Bxe2 Re8 25.Rd2 cxd5 26.Kg1 Re3 27.c4 dxc4 28.Kf2 Re7 29.Bxc4 Bc6
30.Rd4 Kg7 31.h4 h6 32.g5 hxg5 33.hxg5 Re5 34.f4 Rc5 35.Ke3 a5 36.Bb3 b5
37.Rd2 a4 38.Bd1 Bd5 39.Kd4 Rc7 40.Be2 Bc4 41.Rc2 Rd7+ 42.Kc3 Bxe2 43.Rxe2 Rc7+
44.Kd3 Rc4 45.Ke3 b4 46.Rf2 b3 47.axb3 axb3 48.Kd3 Rc7 49.Rb2 Rb7 50.Kc4 f6
51.Kc5 Kf7 52.Kc6 Rb4 53.Kd6 Rd4+ 54.Kc6 Rxf4 55.Rxb3 fxg5 56.Kd5 Kf6 57.Rb8 g4  0-1

[Event "Hanham op"]
[Site "Hanham"]
[Date "1997.??.??"]
[Round "2"]
[White "Haydon, Richard"]
[Black "Buckley, Simon T"]
[Result "1-0"]
[WhiteElo "2220"]
[BlackElo "2110"]

1.Nf3 g6 2.c4 Bg7 3.Nc3 d6 4.d4 Nf6 5.e4 O-O 6.Be2 e5 7.d5 a5 8.Bg5 h6 9.Bh4 Qe8
10.O-O g5 11.Bg3 Nh5 12.Nd2 Nf4 13.Bg4 Bd7 14.Bxd7 Qxd7 15.Qc2 h5 16.f3 Kh8
17.Kh1 Rg8 18.Rg1 Bh6 19.Nf1 h4 20.Bf2 g4 21.fxg4 Qxg4 22.Ne3 Qh5 23.Qd1 Qxd1
24.Raxd1 h3 25.g3 Ng6 26.Nf5 Bg5 27.c5 dxc5 28.Bxc5 Nd7 29.Be3 Ne7 30.Nxe7 Bxe7
31.g4 Nf6 32.Rg3 Rxg4 33.Rxh3+ Nh7 34.Rf1 Kg8 35.Rhf3 f6 36.h3 Rg6 37.Nb5 Bd6
38.h4 Rg4 39.Rg1 Rxg1+ 40.Bxg1 Kf8 41.Rc3 Ke7 42.Nxc7 Rc8 43.Nb5 Rg8 44.Bc5 Bxc5
45.Rxc5 Nf8 46.Rc7+ Nd7 47.Rxb7 Rg4 48.Nc3 Rxh4+ 49.Kg2 Kd8 50.Rb5 a4 51.Rb4 Nc5
52.Rc4 Nd3 53.Nxa4 f5 54.Nb6 f4 55.d6 Rg4+ 56.Kf1 Ke8 57.d7+ Ke7 58.Rc8  1-0

[Event "SWE-ch"]
[Site "Haninge"]
[Date "1997.??.??"]
[Round "2"]
[White "Ziegler, Ari"]
[Black "Sandstrom, Ludvig"]
[Result "1/2-1/2"]
[WhiteElo "2455"]
[BlackElo "2345"]

1.d4 Nf6 2.c4 g6 3.Nc3 Bg7 4.e4 d6 5.Nf3 O-O 6.Be2 e5 7.d5 a5 8.Bg5 h6 9.Bh4 Na6
10.O-O Bd7 11.Nd2 Nc5 12.f3 Qb8 13.Kh1 Nh5 14.b3 Nf4 15.Qc2 c6 16.Rfc1 cxd5
17.cxd5 Nxe2 18.Nxe2 b5 19.a3 f5 20.b4 axb4 21.axb4 Rxa1 22.Rxa1 Na4 23.Rc1 Rc8
24.Qb1 Rxc1+ 25.Qxc1 Qc8 26.Kg1 Qxc1+ 27.Nxc1 Kf7 28.Kf1 Bf6  1/2-1/2

[Event "SWE-ch"]
[Site "Haninge"]
[Date "1997.??.??"]
[Round "2"]
[White "Engqvist, Thomas"]
[Black "Ernst, Thomas"]
[Result "1/2-1/2"]
[WhiteElo "2345"]
[BlackElo "2405"]

1.Nf3 Nf6 2.c4 g6 3.Nc3 Bg7 4.e4 d6 5.d4 O-O 6.Be2 e5 7.dxe5 dxe5 8.Qxd8 Rxd8
9.Bg5 Nbd7 10.O-O-O Rf8 11.Nd2 c6 12.b4 a5 13.a3 Re8 14.Kb2 Nf8 15.c5 Ne6
16.Bxf6 Bxf6 17.Nc4 axb4 18.axb4 Nd4 19.Nd6 Rf8 20.Bc4 Rb8 21.Na4 Be7 22.Nb6 Be6
23.Bxe6 fxe6 24.f3 Bxd6 25.cxd6 Rbd8 26.d7 Kf7 27.f4 Ke7 28.fxe5 Rf2+ 29.Kb1 Nb5
30.Nc8+ Kf8 31.Rdf1 Nc3+ 32.Kc1 Rxf1+ 33.Rxf1+ Kg7 34.Kc2 Nxe4 35.Rd1 Kf8
36.Rf1+ Kg7 37.Rd1 Kf8 38.Nb6 Ke7 39.Rd4 Ng5 40.Nc8+ Kf8 41.Kd3 Nf7 42.Ke4 Kg8
43.Rd3 Kf8 44.Nb6 Ke7 45.Nc8+ Kf8 46.Rd2 Kg8 47.Nb6 Kf8 48.Nc8 Kg8 49.h3 Kf8
50.Rd1 Kg8 51.Nb6 Kf8 52.Nc8 Kg8 53.Rd3 Kf8 54.Rd2 Kg8 55.Nb6 Kf8 56.Kf4 Ke7
57.Nc8+ Kf8 58.h4 Kg8 59.Ke4 Kf8 60.Rd3 Kg8 61.Nb6 Kf8 62.Rd2 Ke7 63.Nc8+ Kf8
64.Rd1 Kg8 65.Nb6 Kf8 66.Rf1 Ke7 67.Nc8+ Kf8 68.Nb6 Ke7 69.Kd4 Nh6 70.Rf4 Nf5+
71.Kc5 Ne3 72.Rf3 Nd5 73.Nc8+ Kxd7 74.Nd6 b6+ 75.Kc4 Kc7 76.Rf7+ Rd7 77.Rf8 Rd8
78.Rf7+ Rd7 79.Rf8 Rd8  1/2-1/2

[Event "SWE-ch qualA"]
[Site "Haninge"]
[Date "1997.??.??"]
[Round "5"]
[White "Lindgren, Fredrik"]
[Black "Nilsson, Mattias"]
[Result "1/2-1/2"]
[WhiteElo "2200"]
[BlackElo "2230"]

1.d4 Nf6 2.c4 g6 3.Nc3 Bg7 4.e4 d6 5.Nf3 O-O 6.Be2 e5 7.Be3 exd4 8.Nxd4 Re8
9.f3 c6 10.Nc2 Be6 11.Qd2 Nh5 12.O-O f5 13.Rad1 Nd7 14.g4 fxg4 15.fxg4 Nhf6
16.g5 Ng4 17.Bf4 Qb6+ 18.Kg2 Rad8 19.h3 Nge5 20.b3 Nc5 21.Be3 Qc7 22.Nd4 Bc8
23.b4 Ne6 24.Nf3 Rf8 25.a4 Nxf3 26.Rxf3 Rxf3 27.Bxf3 Rf8 28.Ne2 Be5 29.Rf1 Qe7
30.Bg4 a6 31.Qc1 Bd7 32.Rxf8+ Qxf8 33.Qf1 Qe7 34.h4 Nf4+ 35.Nxf4 Bxg4 36.Nd3 Qe6
37.Kg1 Bg3 38.Qg2 Bxh4 39.Nf4 Qd7 40.Nd3 Bh3 41.Qf3 h6 42.Kh2 Bg4 43.Qf6 Bxg5
44.Bxg5 hxg5 45.Qxg6+ Qg7 46.Qxd6 Qh7+ 47.Kg1 Qxe4 48.Qd8+ Kh7  1/2-1/2

[Event "JSM"]
[Site "Haninge"]
[Date "1997.??.??"]
[Round "6"]
[White "Schneider, Stefan"]
[Black "Lundberg, Bjorn"]
[Result "1-0"]
[WhiteElo "2290"]
[BlackElo "2135"]

1.d4 Nf6 2.Nf3 g6 3.c4 Bg7 4.Nc3 O-O 5.e4 d6 6.Be2 e5 7.O-O Nbd7 8.Re1 c6
9.Bf1 Qe7 10.Rb1 a5 11.dxe5 dxe5 12.Na4 Nc5 13.Nxc5 Qxc5 14.Be3 Qe7 15.Qc2 Ng4
16.Bg5 f6 17.Bh4 h5 18.h3 Nh6 19.Rbd1 g5 20.Bg3 g4 21.Nh4 Qf7 22.Kh2 gxh3
23.gxh3 f5 24.exf5 Nxf5 25.Nxf5 Bxf5 26.Bd3 Be6 27.Bh7+ Kh8 28.Bg6 Qf6 29.Rxe5 Qxe5
30.Bxe5 Bxe5+ 31.Kg2 Rf6 32.Qe4 Bxb2 33.Bxh5 Rg8+ 34.Bg4 Rfg6 35.f3 Bxg4
36.hxg4 Bf6 37.Rd7 R6g7 38.Rxg7 Kxg7 39.Qf5 Kf7 40.Qxa5 Rg5 41.Qc7+ Kg6 42.Qxb7 Be5
43.Qxc6+ Kg7 44.Qd7+ Kg6 45.Qe6+  1-0

[Event "SWE-ch"]
[Site "Haninge"]
[Date "1997.??.??"]
[Round "10"]
[White "Degerman, Lars"]
[Black "Laveryd, Peter"]
[Result "1-0"]
[WhiteElo "2480"]
[BlackElo "2390"]

1.d4 Nf6 2.Nf3 g6 3.c4 Bg7 4.Nc3 O-O 5.e4 d6 6.Be2 e5 7.O-O Nh5 8.Bg5 f6
9.Be3 Nf4 10.Bxf4 exf4 11.Re1 g5 12.c5 dxc5 13.dxc5 Nd7 14.Rc1 c6 15.b4 a5
16.a3 axb4 17.axb4 Ra3 18.h3 Kh8 19.Nb1 Ra1 20.Nbd2 Rxc1 21.Qxc1 b6 22.cxb6 Qxb6
23.Qa3 Re8 24.Nc4 Qc7 25.Qd3 Ba6 26.Qd6 Qc8 27.Rd1 Bxc4 28.Bxc4 Nf8 29.e5 g4
30.exf6 gxf3 31.fxg7+ Kxg7 32.Qd4+ Kg6 33.Qxf4 Ne6 34.Rd6 Kg7 35.Qe5+  1-0

[Event "SWE-ch qualB"]
[Site "Haninge"]
[Date "1997.??.??"]
[Round "12"]
[White "Eriksson, Johan"]
[Black "Lind, Jan Olov"]
[Result "1/2-1/2"]
[WhiteElo "2315"]
[BlackElo "2315"]

1.d4 Nf6 2.c4 g6 3.Nc3 Bg7 4.e4 d6 5.Nf3 O-O 6.Be2 Nbd7 7.O-O e5 8.Be3 c6
9.d5 c5 10.Nd2 Kh8 11.a3 Ng8 12.b4 Bh6 13.Bxh6 Nxh6 14.Nb3 b6 15.Nb5 Nf6
16.Qd2 Nhg8 17.Bf3 a6 18.Nc3 Ne8 19.Bd1 Ra7 20.bxc5 dxc5 21.a4 Nd6 22.Be2 a5
23.Nb5 Re7 24.Nxd6 Qxd6 25.Qb2 Nf6 26.Nd2 Kg8 27.Ra3 Nd7 28.Rg3 Nb8 29.Rb3 Rb7
30.Rb1 Nd7 31.Rg3 Nb8 32.Rb3 Nd7 33.Rg3 Nb8 34.Rb3 Nd7 35.Rg3  1/2-1/2

[Event "SWE-ch qualA"]
[Site "Haninge"]
[Date "1997.??.??"]
[Round "13"]
[White "Hedman, Erik"]
[Black "Nilsson, Mattias"]
[Result "1/2-1/2"]
[WhiteElo "2335"]
[BlackElo "2230"]

1.d4 Nf6 2.c4 g6 3.Nc3 Bg7 4.e4 d6 5.Be2 O-O 6.Nf3 e5 7.dxe5 dxe5 8.Qxd8 Rxd8
9.Bg5 Rf8 10.Nxe5 Nxe4 11.Nxe4 Bxe5 12.O-O-O Nc6 13.f4 Bg7 14.Nf6+ Kh8 15.h4 Be6  1/2-1/2

[Event "Heart of Finland op"]
[Site "?"]
[Date "1997.??.??"]
[Round "5"]
[White "Grabliauskas, Virginijus"]
[Black "Tella, Jussi"]
[Result "1/2-1/2"]
[WhiteElo "2435"]
[BlackElo "2335"]

1.d4 Nf6 2.c4 g6 3.Nc3 Bg7 4.e4 d6 5.Nf3 O-O 6.Be2 e5 7.O-O exd4 8.Nxd4 Re8
9.f3 c6 10.Nc2 Na6 11.Kh1 Nc7 12.Bf4 d5 13.cxd5 cxd5 14.Bxc7 Qxc7 15.exd5 Qf4
16.g3 Qh6 17.Rf2 Nh5 18.Kg1 Bf5 19.Bb5 Red8 20.Nd4 Qe3 21.Nxf5 gxf5 22.Kg2 Qc5
23.Bd3 Bxc3 24.Rc1 Rxd5 25.Rxc3 Qd6 26.Qb3 Rf8 27.Bc4 Rd1 28.Bf1 Rd8 29.Qxb7 Nf4+
30.gxf4 Qg6+ 31.Kh3 Qh5+ 32.Kg2 Qg6+ 33.Kh3 Qh5+  1/2-1/2

[Event "Rheinland-A"]
[Site "Heimbach Weis"]
[Date "1997.??.??"]
[Round "4"]
[White "Puth, Dieter"]
[Black "Junglas, Andreas"]
[Result "1-0"]
[WhiteElo "2300"]
[BlackElo "2215"]

1.d4 Nf6 2.c4 g6 3.Nc3 Bg7 4.e4 d6 5.Nf3 O-O 6.Be2 e5 7.d5 a5 8.O-O Na6 9.Qc2 Nh5
10.g3 f5 11.exf5 Bxf5 12.Qd1 Nc5 13.Bg5 Qd7 14.Nh4 Bh3 15.Ng2 Nf6 16.f3 Rae8
17.Be3 b6 18.Re1 e4 19.f4 Ng4 20.Bxg4 Bxg4 21.Qd2 Qf5 22.Rf1 Nd3 23.Rab1 Bf6
24.Nb5 Rf7 25.Ne1 Bh3 26.Ng2 h5 27.Bd4 e3 28.Nxe3 Bxd4 29.Nxd4 Qe4 30.Ne6 Bxe6
31.dxe6 Rxe6 32.Ng2 Qxc4 33.Kh1 Rf5 34.b3 Qe4 35.Rbd1 Nc5 36.Kg1 Qc6 37.Nh4 Ne4
38.Qg2 Rc5 39.f5 gxf5 40.Nxf5 Rc2 41.Qf3 Qc5+ 42.Nd4  1-0